[Event "Liga Madrileña - DH 2013-2014"]
[Site "Madrid ESP"]
[Date "2014.01.12"]
[Round "5.43"]
[White "Martin Rueda, Daniel"]
[Black "Jimenez Lopez, Antonio"]
[Result "1-0"]
[WhiteElo "2315"]
[BlackElo "2107"]
[PlyCount "87"]
[EventDate "2013.11.18"]
[EventType "team-tourn"]
[EventRounds "14"]
[EventCountry "ESP"]
[Source "lmi"]
[SourceDate "2013.11.18"]
[WhiteTeam "Liberty Chess"]
[BlackTeam "San Fernando de Henares"]
[WhiteTeamCountry "ESP"]
[BlackTeamCountry "ESP"]

1. d4 Nf6 2. Bg5 e6 3. e4 Be7 4. Nd2 d5 5. e5 Nfd7 6. Bxe7 Qxe7 7. c3 a5 8. Bd3
b6 9. Qg4 Qf8 10. f4 Ba6 11. Bxa6 Nxa6 12. f5 exf5 13. Qxf5 c6 14. Ngf3 Qe7 15.
O-O h6 16. Qg4 g5 17. a3 Nc7 18. Ne1 h5 19. Qf5 Ne6 20. Nc2 h4 21. Ne3 Nf4 22.
Nf3 O-O-O 23. Nxg5 Nxg2 24. Nxg2 Rh5 25. Qxf7 Qxg5 26. e6 h3 27. Rf2 Rhh8 28.
exd7+ Rxd7 29. Qe6 Rh6 30. Qe8+ Kc7 31. Qe3 Qg7 32. Qg3+ Qxg3 33. hxg3 hxg2 34.
Kxg2 Rdh7 35. Raf1 Rh2+ 36. Kf3 Kd6 37. Rxh2 Rxh2 38. Rf2 Rh8 39. g4 a4 40. g5
Rh4 41. Kg3 Re4 42. Rf6+ Kd7 43. g6 Re1 44. Kg4 1-0

[Event "Liga Madrileña - DH 2013-2014"]
[Site "Madrid ESP"]
[Date "2014.01.12"]
[Round "5.44"]
[White "Ocana Lameiro, Oliver"]
[Black "Fernandez Garcia, Miguel Angel"]
[Result "0-1"]
[WhiteElo "2044"]
[BlackElo "2325"]
[PlyCount "74"]
[EventDate "2013.11.18"]
[EventType "team-tourn"]
[EventRounds "14"]
[EventCountry "ESP"]
[Source "lmi"]
[SourceDate "2013.11.18"]
[WhiteTeam "San Fernando de Henares"]
[BlackTeam "Liberty Chess"]
[WhiteTeamCountry "ESP"]
[BlackTeamCountry "ESP"]

1. Nf3 d5 2. c4 dxc4 3. Qa4+ Nd7 4. Qxc4 Ngf6 5. g3 g6 6. Bg2 Bg7 7. O-O O-O 8.
Nc3 a6 9. d4 Ne8 10. Rd1 Nb6 11. Qb3 Be6 12. Qc2 Bf5 13. Qb3 Nd6 14. Ne5 Qc8
15. a4 Be6 16. Qc2 c5 17. dxc5 Qxc5 18. Nd3 Qc7 19. Bd2 Rac8 20. Rac1 Qb8 21.
Qb1 Bf5 22. a5 Nbc4 23. Be1 Rfe8 24. e4 Bxc3 25. exf5 Bxe1 26. Rxe1 Nxf5 27.
Qa2 Ncd6 28. Nf4 Kg7 29. Nd5 e5 30. Rxc8 Qxc8 31. Nb6 Qc5 32. g4 Nd4 33. Nd7
Qb5 34. Nb6 Ne2+ 35. Kh1 Nf4 36. Qa4 Qxb2 37. Bxb7 Qxf2 0-1

[Event "Liga Madrileña - DH 2013-2014"]
[Site "Madrid ESP"]
[Date "2014.01.12"]
[Round "5.45"]
[White "Vallejo Diaz, Jesus"]
[Black "Lucas Quintans, Carlos"]
[Result "1/2-1/2"]
[WhiteElo "2272"]
[BlackElo "1860"]
[PlyCount "73"]
[EventDate "2013.11.18"]
[EventType "team-tourn"]
[EventRounds "14"]
[EventCountry "ESP"]
[Source "lmi"]
[SourceDate "2013.11.18"]
[WhiteTeam "Liberty Chess"]
[BlackTeam "San Fernando de Henares"]
[WhiteTeamCountry "ESP"]
[BlackTeamCountry "ESP"]

1. e4 d6 2. d4 Nf6 3. Nc3 g6 4. f4 Bg7 5. Nf3 c6 6. Bd3 Nbd7 7. e5 Nd5 8. Ne4
N7b6 9. c3 O-O 10. O-O Bf5 11. h3 Bxe4 12. Bxe4 f5 13. exf6 exf6 14. f5 Re8 15.
Bc2 g5 16. Bb3 Kh8 17. h4 Ne3 18. Bxe3 Rxe3 19. hxg5 fxg5 20. Qd2 Qe7 21. Be6
Re4 22. Nxg5 Bh6 23. Nf7+ Qxf7 24. Qxh6 Qf8 25. Qh5 Qf6 26. Qh2 Rd8 27. Rf3 Rh4
28. Qg3 Qh6 29. Re1 Rh1+ 30. Kf2 Qd2+ 31. Re2 Qc1 32. Qg4 Qg1+ 33. Kg3 Qh2+ 34.
Kf2 Qg1+ 35. Kg3 Qh2+ 36. Kf2 Qg1+ 37. Kg3 1/2-1/2

[Event "Liga Madrileña - DH 2013-2014"]
[Site "Madrid ESP"]
[Date "2014.01.18"]
[Round "6.11"]
[White "Anton Guijarro, David"]
[Black "Moreno Trujillo, Alejandro"]
[Result "1-0"]
[WhiteElo "2553"]
[BlackElo "2541"]
[PlyCount "119"]
[EventDate "2013.11.18"]
[EventType "team-tourn"]
[EventRounds "14"]
[EventCountry "ESP"]
[Source "lmi"]
[SourceDate "2013.11.18"]
[WhiteTeam "Virgen de Atocha"]
[BlackTeam "64 Villalba"]
[WhiteTeamCountry "ESP"]
[BlackTeamCountry "ESP"]

1. e4 e6 2. d4 d5 3. Nd2 Be7 4. Ngf3 Nf6 5. e5 Nfd7 6. Bd3 c5 7. c3 Nc6 8. O-O
g5 9. Qe2 h5 10. dxc5 a6 11. Nb3 g4 12. Nfd4 Ndxe5 13. Nxc6 Nxc6 14. c4 d4 15.
Be4 Qc7 16. Bxc6+ bxc6 17. Re1 f6 18. Nxd4 e5 19. Qe4 Bxc5 20. Be3 Bxd4 21.
Bxd4 Be6 22. Bc5 Kf7 23. b3 Rad8 24. f4 gxf3 25. Qxf3 Rdg8 26. Rf1 Rg6 27. Rf2
Kg7 28. Qe3 Rg8 29. Rd1 Kh7 30. Rd6 Qg7 31. Qe4 f5 32. Qe2 Qh6 33. Bb4 Qc1+ 34.
Rd1 Qg5 35. Qxe5 f4 36. Qxg5 Rxg5 37. Rd3 Bf5 38. Rdf3 Be4 39. Rxf4 Rxg2+ 40.
Kf1 Rxf2+ 41. Rxf2 Bd3+ 42. Ke1 Bb1 43. Bc5 Be4 44. Re2 Bb1 45. Kd2 Rg5 46. Be7
Ra5 47. a3 Rf5 48. Kc3 a5 49. Bd8 Rf3+ 50. Kb2 Bd3 51. Re7+ Kg6 52. Bxa5 Bf5
53. Re2 Kf7 54. a4 Bd3 55. Rd2 Ke6 56. Bb6 Bf1 57. a5 Rf8 58. a6 c5 59. Bxc5
Rc8 60. a7 1-0

[Event "Liga Madrileña - DH 2013-2014"]
[Site "Madrid ESP"]
[Date "2014.01.18"]
[Round "6.12"]
[White "Espinosa Aranda, Angel"]
[Black "Almagro Llanas, Pablo"]
[Result "1/2-1/2"]
[WhiteElo "2387"]
[BlackElo "2467"]
[PlyCount "45"]
[EventDate "2013.11.18"]
[EventType "team-tourn"]
[EventRounds "14"]
[EventCountry "ESP"]
[Source "lmi"]
[SourceDate "2013.11.18"]
[WhiteTeam "64 Villalba"]
[BlackTeam "Virgen de Atocha"]
[WhiteTeamCountry "ESP"]
[BlackTeamCountry "ESP"]

1. e4 c5 2. Nf3 d6 3. Bb5+ Nc6 4. O-O Bd7 5. Re1 Nf6 6. h3 a6 7. Bf1 e6 8. c3
Be7 9. d4 cxd4 10. cxd4 d5 11. e5 Ne4 12. Nbd2 Nxd2 13. Bxd2 Qb6 14. Bc3 O-O
15. Qd2 a5 16. Bd3 a4 17. Rac1 a3 18. b3 Rac8 19. Qf4 f6 20. exf6 Rxf6 21. Qg4
h6 22. Bd2 Bb4 23. Bxb4 1/2-1/2

[Event "Liga Madrileña - DH 2013-2014"]
[Site "Madrid ESP"]
[Date "2014.01.18"]
[Round "6.13"]
[White "Rubio Mejia, Luis Ignacio"]
[Black "Bermejo Martinez, Jorge"]
[Result "1-0"]
[WhiteElo "2452"]
[BlackElo "2309"]
[PlyCount "73"]
[EventDate "2013.11.18"]
[EventType "team-tourn"]
[EventRounds "14"]
[EventCountry "ESP"]
[Source "lmi"]
[SourceDate "2013.11.18"]
[WhiteTeam "Virgen de Atocha"]
[BlackTeam "64 Villalba"]
[WhiteTeamCountry "ESP"]
[BlackTeamCountry "ESP"]

1. d4 Nf6 2. c4 Nc6 3. Nf3 e6 4. a3 d6 5. Nc3 g6 6. e4 Bg7 7. h3 O-O 8. Bg5 h6
9. Be3 Re8 10. Bd3 Kh7 11. O-O Nh5 12. Bc2 e5 13. d5 Ne7 14. c5 Nf4 15. Rc1 Rf8
16. Re1 g5 17. Kh2 Neg6 18. Ng1 g4 19. g3 Nxh3 20. Nxh3 gxh3 21. Qh5 Ne7 22. f4
f5 23. fxe5 dxe5 24. Bg5 Qd7 25. exf5 Kg8 26. Bxh6 Nxf5 27. Bxg7 Qxg7 28. Ne4
Nd4 29. Ng5 Rf2+ 30. Kh1 Bf5 31. Rf1 Ne2 32. Rxf2 Nxg3+ 33. Kh2 Nxh5 34. Bxf5
Kh8 35. Rg1 Rg8 36. Be6 Nf4 37. Nf7+ 1-0

[Event "Liga Madrileña - DH 2013-2014"]
[Site "Madrid ESP"]
[Date "2014.01.18"]
[Round "6.14"]
[White "Lopez del Alamo, Antonio"]
[Black "Fernandez Barrera, Victor"]
[Result "1-0"]
[WhiteElo "2281"]
[BlackElo "2313"]
[PlyCount "35"]
[EventDate "2013.11.18"]
[EventType "team-tourn"]
[EventRounds "14"]
[EventCountry "ESP"]
[Source "lmi"]
[SourceDate "2013.11.18"]
[WhiteTeam "64 Villalba"]
[BlackTeam "Virgen de Atocha"]
[WhiteTeamCountry "ESP"]
[BlackTeamCountry "ESP"]

1. e4 c5 2. Nf3 Nc6 3. Bb5 e6 4. O-O Nge7 5. b3 a6 6. Bxc6 Nxc6 7. Bb2 d6 8. d4
cxd4 9. Nxd4 Qc7 10. Nd2 Bd7 11. c4 f6 12. Qh5+ Ke7 13. Nxc6+ Qxc6 14. c5 dxc5
15. f4 Be8 16. Bxf6+ Kxf6 17. Qg5+ Kf7 18. Nc4 1-0

[Event "Liga Madrileña - DH 2013-2014"]
[Site "Madrid ESP"]
[Date "2014.01.18"]
[Round "6.15"]
[White "Rabadan Velasco, Raul"]
[Black "Dougan Maho, Harold"]
[Result "1-0"]
[WhiteElo "2280"]
[BlackElo "2221"]
[PlyCount "129"]
[EventDate "2013.11.18"]
[EventType "team-tourn"]
[EventRounds "14"]
[EventCountry "ESP"]
[Source "lmi"]
[SourceDate "2013.11.18"]
[WhiteTeam "Virgen de Atocha"]
[BlackTeam "64 Villalba"]
[WhiteTeamCountry "ESP"]
[BlackTeamCountry "ESP"]

1. b3 d5 2. Bb2 c5 3. e3 Nc6 4. Bb5 Qb6 5. Qe2 a6 6. Bxc6+ Qxc6 7. Nf3 Bg4 8.
h3 Bh5 9. g4 Bg6 10. Ne5 Qc7 11. d3 e6 12. Nd2 Ne7 13. h4 f6 14. Nxg6 Nxg6 15.
h5 Ne5 16. f4 Nd7 17. O-O-O O-O-O 18. c4 Bd6 19. h6 g6 20. Qf3 Qc6 21. Rhf1
Rhf8 22. Nb1 b5 23. Nc3 Nb6 24. f5 b4 25. Ne2 exf5 26. gxf5 g5 27. Kb1 Kb7 28.
cxd5 Nxd5 29. Rc1 g4 30. Qf2 Nc7 31. e4 Nb5 32. Rc4 Na3+ 33. Bxa3 bxa3 34. Nd4
Qb6 35. Ne6 Rc8 36. Qg2 Be5 37. Nxf8 Rxf8 38. Qxg4 Rf7 39. Qe2 Bd4 40. e5 fxe5
41. Qe4+ Ka7 42. Qd5 Qf6 43. Ra4 Rc7 44. Qe6 Rc6 45. Qxf6 Rxf6 46. Rf3 Kb6 47.
Rc4 Kc6 48. Rc2 Kd5 49. Rg2 e4 50. dxe4+ Kxe4 51. Rf1 Rxh6 52. Kc2 Rf6 53. Re2+
Kd5 54. Re6 Rxe6 55. fxe6 Kxe6 56. Rh1 Kd5 57. Rh5+ Kc6 58. Rxh7 Bf2 59. Kd3
Kb5 60. Rh8 Be1 61. Rb8+ Kc6 62. Kc4 Bf2 63. Rf8 Bd4 64. b4 Bg7 65. Rg8 1-0

[Event "Liga Madrileña - DH 2013-2014"]
[Site "Madrid ESP"]
[Date "2014.01.18"]
[Round "6.16"]
[White "Rodriguez Perez, David Antonio"]
[Black "Kosmo, Santul"]
[Result "1-0"]
[WhiteElo "2018"]
[BlackElo "2237"]
[PlyCount "109"]
[EventDate "2013.11.18"]
[EventType "team-tourn"]
[EventRounds "14"]
[EventCountry "ESP"]
[Source "lmi"]
[SourceDate "2013.11.18"]
[WhiteTeam "64 Villalba"]
[BlackTeam "Virgen de Atocha"]
[WhiteTeamCountry "ESP"]
[BlackTeamCountry "ESP"]

1. d4 Nf6 2. Bg5 d5 3. Bxf6 exf6 4. g3 Be6 5. Bg2 c6 6. e3 Nd7 7. Ne2 Bd6 8.
Nd2 Qe7 9. b3 f5 10. O-O Nf6 11. c4 O-O 12. c5 Bc7 13. b4 Ne4 14. a4 g6 15. Nb3
h5 16. h4 Kg7 17. Qe1 Rg8 18. f3 Nf6 19. Qf2 Kh7 20. Rfe1 g5 21. Kh1 Rg7 22.
Rg1 Rag8 23. Nd2 gxh4 24. gxh4 Bg3 25. Nxg3 Rxg3 26. Nf1 R3g7 27. Nh2 Nd7 28.
Bh3 f4 29. Bxe6 Qxe6 30. exf4 Rxg1+ 31. Rxg1 Rxg1+ 32. Qxg1 Nf8 33. Qg5 Qe1+
34. Kg2 Ng6 35. Qxh5+ Kg7 36. Qg4 Qxh4 37. f5 Qxg4+ 38. fxg4 Nf4+ 39. Kf3 Nd3
40. b5 Nb2 41. bxc6 bxc6 42. a5 Nc4 43. a6 Na3 44. Kf4 f6 45. g5 Nc2 46. gxf6+
Kxf6 47. Ng4+ Ke7 48. Ke5 Nb4 49. f6+ Kd7 50. Kf5 Nc2 51. Ne5+ Ke8 52. f7+ Ke7
53. Kg6 Nxd4 54. Nxc6+ Nxc6 55. Kg7 1-0

[Event "Liga Madrileña - DH 2013-2014"]
[Site "Madrid ESP"]
[Date "2014.01.18"]
[Round "6.21"]
[White "Aranda Marin, Cristian"]
[Black "Candela Perez, Jose"]
[Result "1-0"]
[WhiteElo "2303"]
[BlackElo "2447"]
[PlyCount "51"]
[EventDate "2013.11.18"]
[EventType "team-tourn"]
[EventRounds "14"]
[EventCountry "ESP"]
[Source "lmi"]
[SourceDate "2013.11.18"]
[WhiteTeam "San Fernando de Henares"]
[BlackTeam "La Casa del Ajedrez"]
[WhiteTeamCountry "ESP"]
[BlackTeamCountry "ESP"]

1. c4 c6 2. g3 d5 3. Bg2 e6 4. Nf3 dxc4 5. O-O b5 6. a4 Bb7 7. b3 cxb3 8. Qxb3
a6 9. d4 Nf6 10. Rd1 Nbd7 11. Nc3 Be7 12. Ne5 Qb6 13. Be3 Nd5 14. Nxd7 Kxd7 15.
Ne4 Rhd8 16. Bg5 f6 17. Bd2 Ke8 18. Nc5 Bxc5 19. dxc5 Qxc5 20. Ba5 Rd7 21. e4
Ne7 22. Rxd7 Kxd7 23. Rd1+ Ke8 24. Qxe6 Kf8 25. Rd7 Rb8 26. Bd8 1-0

[Event "Liga Madrileña - DH 2013-2014"]
[Site "Madrid ESP"]
[Date "2014.01.18"]
[Round "6.22"]
[White "Rojo Huerta, Gabriel"]
[Black "Fernandez Blazquez, Diego"]
[Result "1/2-1/2"]
[WhiteElo "2373"]
[BlackElo "2195"]
[PlyCount "92"]
[EventDate "2013.11.18"]
[EventType "team-tourn"]
[EventRounds "14"]
[EventCountry "ESP"]
[Source "lmi"]
[SourceDate "2013.11.18"]
[WhiteTeam "La Casa del Ajedrez"]
[BlackTeam "San Fernando de Henares"]
[WhiteTeamCountry "ESP"]
[BlackTeamCountry "ESP"]

1. d4 e6 2. c4 Nf6 3. Nf3 Bb4+ 4. Bd2 c5 5. Bxb4 cxb4 6. g3 O-O 7. Bg2 a5 8.
O-O d6 9. a3 Na6 10. axb4 Nxb4 11. Nc3 Qc7 12. Qb3 Bd7 13. Rfc1 Rfc8 14. Na4
Bxa4 15. Qxa4 Qb6 16. Bf1 Ne4 17. e3 h6 18. Qd1 Qd8 19. Bg2 Ra7 20. Ne1 Nf6 21.
Nd3 Nxd3 22. Qxd3 Qb6 23. Qa3 Raa8 24. Rc3 Qb4 25. Qa2 Rc7 26. Rac1 Rac8 27.
Bf3 b6 28. Kg2 g5 29. h3 a4 30. R1c2 Kg7 31. Qa1 Rxc4 32. Bd1 b5 33. Be2 Rxc3
34. bxc3 Qb3 35. Rc1 Qd5+ 36. Kh2 Qc6 37. Qb2 Rb8 38. Rb1 Nd5 39. c4 Nf6 40.
cxb5 Qb6 41. f3 d5 42. Qb4 Ra8 43. Kg2 a3 44. Ra1 a2 45. Qb3 Qa5 46. b6 Rb8
1/2-1/2

[Event "Liga Madrileña - DH 2013-2014"]
[Site "Madrid ESP"]
[Date "2014.01.18"]
[Round "6.23"]
[White "Jimenez Lopez, Antonio"]
[Black "Bass, Leonid"]
[Result "1-0"]
[WhiteElo "2107"]
[BlackElo "2417"]
[PlyCount "59"]
[EventDate "2013.11.18"]
[EventType "team-tourn"]
[EventRounds "14"]
[EventCountry "ESP"]
[Source "lmi"]
[SourceDate "2013.11.18"]
[WhiteTeam "San Fernando de Henares"]
[BlackTeam "La Casa del Ajedrez"]
[WhiteTeamCountry "ESP"]
[BlackTeamCountry "ESP"]

1. e4 c6 2. d4 d5 3. Nd2 dxe4 4. Nxe4 Bf5 5. Ng3 Bg6 6. h4 h6 7. Nh3 Nf6 8. Nf4
Bh7 9. Bc4 e6 10. O-O Bd6 11. Re1 O-O 12. Ngh5 Nxh5 13. Nxh5 Qxh4 14. g3 Qe7
15. Qg4 Bg6 16. Bxh6 gxh6 17. Rxe6 fxe6 18. Qxg6+ Kh8 19. Re1 Qg5 20. Rxe6 Qxg6
21. Rxg6 Kh7 22. Rxd6 Na6 23. Rd7+ Kg6 24. Rxb7 Kxh5 25. Rg7 Rae8 26. Bxa6 Rg8
27. Be2+ Rxe2 28. Rxg8 Rxc2 29. Kg2 Rxb2 30. Kh3 1-0

[Event "Liga Madrileña - DH 2013-2014"]
[Site "Madrid ESP"]
[Date "2014.01.18"]
[Round "6.24"]
[White "Suarez Uriel, Adrian"]
[Black "Ocana Lameiro, Oliver"]
[Result "1-0"]
[WhiteElo "2254"]
[BlackElo "2044"]
[PlyCount "69"]
[EventDate "2013.11.18"]
[EventType "team-tourn"]
[EventRounds "14"]
[EventCountry "ESP"]
[Source "lmi"]
[SourceDate "2013.11.18"]
[WhiteTeam "La Casa del Ajedrez"]
[BlackTeam "San Fernando de Henares"]
[WhiteTeamCountry "ESP"]
[BlackTeamCountry "ESP"]

1. e4 c6 2. d4 d5 3. f3 dxe4 4. fxe4 e5 5. Nf3 exd4 6. Bc4 Be7 7. O-O Nf6 8.
Ng5 O-O 9. Nxf7 Rxf7 10. Bxf7+ Kxf7 11. e5 Kg8 12. exf6 Bxf6 13. Nd2 Be6 14.
Ne4 Nd7 15. Nxf6+ Nxf6 16. Bg5 Bc4 17. Bxf6 gxf6 18. Rf4 c5 19. Qh5 Qd6 20.
Rg4+ Kh8 21. Re1 Rg8 22. Rxg8+ Bxg8 23. Re8 Qd7 24. Qh6 Qf7 25. h3 Qg7 26.
Qxg7+ Kxg7 27. Re7+ Kg6 28. Rxb7 Bxa2 29. Rxa7 Bb1 30. Rc7 Bxc2 31. Rxc5 d3 32.
Rd5 Kf7 33. Kf2 Ke6 34. Rd4 Ke5 35. Ke3 1-0

[Event "Liga Madrileña - DH 2013-2014"]
[Site "Madrid ESP"]
[Date "2014.01.18"]
[Round "6.25"]
[White "Fernandez Gil, Ruben Carlos"]
[Black "Unciti Juan, Javier"]
[Result "0-1"]
[WhiteElo "2043"]
[BlackElo "2152"]
[PlyCount "60"]
[EventDate "2013.11.18"]
[EventType "team-tourn"]
[EventRounds "14"]
[EventCountry "ESP"]
[Source "lmi"]
[SourceDate "2013.11.18"]
[WhiteTeam "San Fernando de Henares"]
[BlackTeam "La Casa del Ajedrez"]
[WhiteTeamCountry "ESP"]
[BlackTeamCountry "ESP"]

1. e4 e6 2. d4 d5 3. Nc3 Bb4 4. e5 b6 5. Qg4 Bf8 6. Bg5 Qd7 7. f4 Nc6 8. O-O-O
Bb7 9. Nf3 Nge7 10. Qh5 h6 11. Bh4 Nf5 12. Bf2 O-O-O 13. g4 g6 14. Qh3 Nfe7 15.
Bh4 Kb8 16. Bf6 Rg8 17. a3 Rc8 18. Bd3 Na5 19. Rhf1 c5 20. Bb5 Nec6 21. f5 a6
22. fxe6 fxe6 23. Be2 cxd4 24. Nxd4 Nxd4 25. Rxd4 Qc6 26. Rf3 Bc5 27. Rd2 d4
28. Nd1 Bf8 29. Rf4 Qd5 30. Rdxd4 Nb3+ 0-1

[Event "Liga Madrileña - DH 2013-2014"]
[Site "Madrid ESP"]
[Date "2014.01.18"]
[Round "6.26"]
[White "Collado Barbas, Laura"]
[Black "De La Orden Alcocer, Alejandro"]
[Result "1/2-1/2"]
[WhiteElo "2133"]
[BlackElo "1932"]
[PlyCount "73"]
[EventDate "2013.11.18"]
[EventType "team-tourn"]
[EventRounds "14"]
[EventCountry "ESP"]
[Source "lmi"]
[SourceDate "2013.11.18"]
[WhiteTeam "La Casa del Ajedrez"]
[BlackTeam "San Fernando de Henares"]
[WhiteTeamCountry "ESP"]
[BlackTeamCountry "ESP"]

1. d4 Nf6 2. c4 g6 3. Nc3 d5 4. Nf3 Bg7 5. cxd5 Nxd5 6. e4 Nxc3 7. bxc3 c5 8.
e5 Nc6 9. Bc4 cxd4 10. cxd4 O-O 11. h3 Qb6 12. Be3 Bf5 13. O-O Rad8 14. Qe2 Qa5
15. Rfe1 Be4 16. Rac1 Bd5 17. Bb5 a6 18. Bxc6 bxc6 19. Rc5 Qxa2 20. Qxa2 Bxa2
21. Ra1 Bd5 22. Rxa6 Ra8 23. Rca5 Rxa6 24. Rxa6 Bxf3 25. gxf3 Rc8 26. Kf1 e6
27. Ke2 Bf8 28. Ra2 Be7 29. Rc2 Kf8 30. Kd3 Ke8 31. Rc1 Kd7 32. Ra1 h5 33. Kc4
Rc7 34. Rc1 Rb7 35. Ra1 Rc7 36. Rc1 Rb7 37. Ra1 1/2-1/2

[Event "Liga Madrileña - DH 2013-2014"]
[Site "Madrid ESP"]
[Date "2014.01.19"]
[Round "6.31"]
[White "Martin Duque, Jesus"]
[Black "Arribas Lopez, Angel"]
[Result "1/2-1/2"]
[WhiteElo "2233"]
[BlackElo "2488"]
[PlyCount "38"]
[EventDate "2013.11.18"]
[EventType "team-tourn"]
[EventRounds "14"]
[EventCountry "ESP"]
[Source "lmi"]
[SourceDate "2013.11.18"]
[WhiteTeam "Vallecas CDV"]
[BlackTeam "Collado Villalba"]
[WhiteTeamCountry "ESP"]
[BlackTeamCountry "ESP"]

1. e4 e6 2. d4 d5 3. Nd2 Nf6 4. e5 Nfd7 5. Bd3 c5 6. c3 Nc6 7. Ne2 cxd4 8. cxd4
f6 9. exf6 Nxf6 10. O-O Bd6 11. Nf3 Qc7 12. Bg5 O-O 13. Bh4 Nh5 14. Qc2 h6 15.
Bh7+ Kh8 16. Bg6 Nf4 17. Nxf4 Bxf4 18. Bg3 Bd7 19. Rfe1 Qb6 1/2-1/2

[Event "Liga Madrileña - DH 2013-2014"]
[Site "Madrid ESP"]
[Date "2014.01.19"]
[Round "6.32"]
[White "Moreno Ruiz, Javier"]
[Black "Montanes Arribas, Adrian"]
[Result "1/2-1/2"]
[WhiteElo "2470"]
[BlackElo "2220"]
[PlyCount "131"]
[EventDate "2013.11.18"]
[EventType "team-tourn"]
[EventRounds "14"]
[EventCountry "ESP"]
[Source "lmi"]
[SourceDate "2013.11.18"]
[WhiteTeam "Collado Villalba"]
[BlackTeam "Vallecas CDV"]
[WhiteTeamCountry "ESP"]
[BlackTeamCountry "ESP"]

1. d4 Nf6 2. c4 Nc6 3. Nf3 e6 4. Nc3 Bb4 5. Qc2 O-O 6. a3 Bxc3+ 7. Qxc3 a5 8.
b3 d6 9. Bb2 Qe7 10. g3 Re8 11. Bg2 e5 12. dxe5 dxe5 13. O-O Bg4 14. Rfe1 h6
15. h3 Bf5 16. Rad1 Ne4 17. Qe3 Qc5 18. Qxc5 Nxc5 19. Rd5 Nxb3 20. Rb5 a4 21.
Rxb7 e4 22. Nh4 Bh7 23. Rxc7 Nca5 24. g4 Rac8 25. Rxc8 Rxc8 26. Bc3 Nxc4 27.
Bb4 Rd8 28. Nf5 Bxf5 29. gxf5 e3 30. Bc6 Nd4 31. Bxa4 Ra8 32. fxe3 Nxe3 33. Bd7
Rd8 34. Ba4 Ra8 35. Bd1 Ndxf5 36. Kf2 Nc4 37. Bc2 Nd4 38. Bd3 Ne5 39. Be4 Ra6
40. Rd1 Ndc6 41. Rd5 g6 42. Bc5 Ra4 43. Bg2 Nc4 44. Rd3 Ra5 45. Bb4 Nxb4 46.
axb4 Rb5 47. Rd4 Rf5+ 48. Ke1 Ne3 49. Be4 Rf4 50. Kd2 Nf5 51. Rd8+ Kg7 52. Bxf5
Rxf5 53. Rd3 Rb5 54. Rb3 f5 55. Kc3 g5 56. Kc4 Re5 57. b5 Rxe2 58. b6 Re8 59.
b7 Rb8 60. Kd5 g4 61. hxg4 fxg4 62. Ke4 Kf6 63. Rb6+ Ke7 64. Rxh6 Kd7 65. Rh7+
Kc6 66. Kf4 1/2-1/2

[Event "Liga Madrileña - DH 2013-2014"]
[Site "Madrid ESP"]
[Date "2014.01.19"]
[Round "6.33"]
[White "Madurga Lopez, Ignacio"]
[Black "Reyes Larena, Juan"]
[Result "0-1"]
[WhiteElo "2088"]
[BlackElo "2436"]
[PlyCount "72"]
[EventDate "2013.11.18"]
[EventType "team-tourn"]
[EventRounds "14"]
[EventCountry "ESP"]
[Source "lmi"]
[SourceDate "2013.11.18"]
[WhiteTeam "Vallecas CDV"]
[BlackTeam "Collado Villalba"]
[WhiteTeamCountry "ESP"]
[BlackTeamCountry "ESP"]

1. e4 e5 2. Nf3 Nc6 3. Bc4 Bc5 4. c3 Nf6 5. d3 a6 6. Bb3 d6 7. O-O Ba7 8. Be3
O-O 9. Nbd2 h6 10. Bxa7 Rxa7 11. d4 Ra8 12. dxe5 dxe5 13. Nc4 Qxd1 14. Bxd1 Re8
15. Bc2 Bg4 16. Ne3 Bxf3 17. gxf3 Rad8 18. Rad1 Ne7 19. Rxd8 Rxd8 20. Rd1 Rxd1+
21. Bxd1 Kf8 22. Kf1 Nh5 23. Ng2 Nf4 24. Nxf4 exf4 25. Ke2 Ng6 26. Kd3 Ke7 27.
Kd4 Kd6 28. b4 b6 29. Be2 Ne5 30. c4 c5+ 31. bxc5+ bxc5+ 32. Kc3 Kc6 33. Kb3
Kb6 34. Bd1 f6 35. Be2 Ka5 36. Ka3 Nc6 0-1

[Event "Liga Madrileña - DH 2013-2014"]
[Site "Madrid ESP"]
[Date "2014.01.19"]
[Round "6.34"]
[White "Pena Gomez, Manuel"]
[Black "Montoya Pecurul, Marc"]
[Result "1-0"]
[WhiteElo "2417"]
[BlackElo "2092"]
[PlyCount "83"]
[EventDate "2013.11.18"]
[EventType "team-tourn"]
[EventRounds "14"]
[EventCountry "ESP"]
[Source "lmi"]
[SourceDate "2013.11.18"]
[WhiteTeam "Collado Villalba"]
[BlackTeam "Vallecas CDV"]
[WhiteTeamCountry "ESP"]
[BlackTeamCountry "ESP"]

1. g3 g6 2. Bg2 Bg7 3. c4 c5 4. e3 Nc6 5. Ne2 e5 6. O-O Nge7 7. Nbc3 O-O 8. d3
d6 9. a3 Be6 10. Nd5 Qd7 11. Nec3 Bh3 12. Ne4 Nxd5 13. cxd5 Ne7 14. Bxh3 Qxh3
15. Qb3 Qd7 16. a4 b6 17. f4 exf4 18. Rxf4 Qb7 19. Nc3 Bxc3 20. bxc3 Qxd5 21.
c4 Qe6 22. Qc3 f6 23. Bb2 Qxe3+ 24. Kg2 Qe2+ 25. Rf2 Qe5 26. Qd2 Qg5 27. Qe2
Nf5 28. Qe6+ Kg7 29. Re1 Rf7 30. Qe4 Raf8 31. Bc1 d5 32. cxd5 Nh4+ 33. Kh3 Qh5
34. g4 Qe5 35. Qxe5 fxe5 36. Rxf7+ Rxf7 37. Kxh4 Rf3 38. Re3 Rf4 39. Bb2 Rxa4
40. d6 Kf6 41. Rxe5 Ra2 42. d7 1-0

[Event "Liga Madrileña - DH 2013-2014"]
[Site "Madrid ESP"]
[Date "2014.01.19"]
[Round "6.35"]
[White "Morona Minguez, Irene"]
[Black "Ortega Ruiz, Jose Miguel"]
[Result "1/2-1/2"]
[WhiteElo "1983"]
[BlackElo "2366"]
[PlyCount "115"]
[EventDate "2013.11.18"]
[EventType "team-tourn"]
[EventRounds "14"]
[EventCountry "ESP"]
[Source "lmi"]
[SourceDate "2013.11.18"]
[WhiteTeam "Vallecas CDV"]
[BlackTeam "Collado Villalba"]
[WhiteTeamCountry "ESP"]
[BlackTeamCountry "ESP"]

1. e4 d5 2. exd5 Qxd5 3. Nc3 Qa5 4. d4 Nf6 5. Nf3 Bg4 6. h3 Bh5 7. g4 Bg6 8.
Ne5 e6 9. Bg2 c6 10. Bd2 Qb6 11. Nxg6 hxg6 12. Ne2 Qxb2 13. Rb1 Qxa2 14. Rxb7
Bd6 15. O-O Qa6 16. Rb3 Nd5 17. Ng3 Nd7 18. Qf3 O-O 19. Ne4 Be7 20. Qg3 Rab8
21. Rbb1 Qc4 22. c3 a5 23. Nd6 Qa2 24. Rxb8 Rxb8 25. Bf4 Rb3 26. Bxd5 cxd5 27.
Nc8 Bb4 28. Bd6 Bxd6 29. Qxd6 Qa4 30. Ne7+ Kh7 31. Qf4 Nf6 32. g5 Qe8 33. gxf6
gxf6 34. Qc7 a4 35. Ra1 a3 36. Nc8 Kg7 37. Nd6 Qf8 38. Qc6 Qb8 39. Ne8+ Kh6 40.
Kg2 Qf4 41. Qc7 Qe4+ 42. Kh2 e5 43. Qxf7 Qf4+ 44. Kg2 Rb2 45. Qf8+ Kg5 46. h4+
Kg4 47. Nxf6+ Kxh4 48. Qh8+ Kg5 49. Nh7+ Kg4 50. Qc8+ Qf5 51. Qxf5+ Kxf5 52.
dxe5 a2 53. Kf3 Kxe5 54. Ke3 Rc2 55. f4+ Kf5 56. Kd3 Rh2 57. Ng5 Kg4 58. Ne6
1/2-1/2